Anuario hidrográfico de la Marina de Chile: tomo 50-1998

Tallennettuna:
Bibliografiset tiedot
Yhteisötekijä: Servicio Hidrográfico y Oceanográfico Armada de Chile (Tekijä)
Aineistotyyppi: Kirja
Kieli:espanja
Julkaistu: Valparaíso SHOA 1999
Aiheet:
Tagit: Lisää tagi
Ei tageja, Lisää ensimmäinen tagi!

MARC

LEADER 00000nam a2200000 a 4500
001 UCH4816
003 CL-VaPUC
008 090903e19990000CL |||||||||||||||||spa|d
082 0 4 |a 551.48  |b SER  |2 21 
110 2 |a Servicio Hidrográfico y Oceanográfico Armada de Chile  |e author  |9 540760 
245 1 0 |a Anuario hidrográfico de la Marina de Chile: tomo 50-1998 
300 |a 179 p 
942 |c BK 
945 |d 20090903 00:00:00  |a dcastane 
260 |a Valparaíso  |b SHOA  |c 1999 
650 7 |a HIDROGRAFIA  |2 CL-VaPUC  |9 261115 
651 7 |a CHILE  |2 CL-VaPUC  |9 540761 
583 |a last modification  |c 20090903 00:00:00  |k Rodrigo Vera 
999 |c 336074  |d 336072 
952 |0 0  |1 0  |4 0  |6 551_480000000000000_SER_1999  |7 0  |8 X  |9 426969  |a FDOBUD  |b FDOBUD  |d 2019-11-22  |i 4596684  |o 551.48 SER 1999  |p 4596684  |r 2019-11-22  |w 2019-11-22  |y BK_X  |k BUD